000 00566nam a2200205Ia 4500
005 20250508165447.0
008 008 250505s9999 xx 000 0 hin d
020 _a978-93-5072-628-0
037 _aTextual
040 _aFEDL
_beng
_cFEDL
041 _ahin
_2hin
084 _a809.13, SHR
_qFEDL
100 _aShrivastav Parmanand
245 0 _aSamkaleen kavita: Sampreshan ka sankat
260 _aNew Delhi, India
_bVani Prakashan
_c2014
300 _a232p.
365 _aINR
_b47
942 _cTEXL
_h809.13, SHR
999 _c1395217
_d1395217